000
00398nam a2200169Ia 4500
008
090711s9999 xx 000 0 und d
082
_b
73065
100
_a
काळे व. पु.
245
_a
वलय
260
_c
1992
300
_a
168
600
_a
काळे व. पु.
630
_a
वलय
700
_a
काळे व. पु.
730
_a
वलय
942
_c
BOOK
999
_c
311268
_d
311268